Statistics for NBA All-Star Starters From The Eastern Conference

Click here to take the quiz!

General Stats

  • This quiz has been taken 173 times
  • The average score is 36 of 60

Answer Stats

Answer% Correct
LeBron James
99%
Kyrie Irving
96%
Michael Jordan
96%
Julius Erving
94%
Dwyane Wade
92%
Isiah Thomas
91%
Scottie Pippen
91%
Shaquille O'Neal
87%
Giannis Antetokounmpo
86%
Allen Iverson
85%
Larry Bird
83%
Joel Embiid
82%
Chris Bosh
79%
John Wall
78%
Kevin Garnett
78%
Antoine Walker
77%
Kemba Walker
77%
Dwight Howard
76%
Jermaine O'Neal
76%
Patrick Ewing
76%
Derrick Rose
73%
Jason Kidd
73%
Kyle Lowry
73%
Carmelo Anthony
72%
Penny Hardaway
71%
Reggie Miller
71%
Vince Carter
71%
Kawhi Leonard
70%
Eddie Johnson
68%
Larry Johnson
68%
Moses Malone
68%
Tracy McGrady
68%
DeMar DeRozan
67%
Ben Wallace
66%
Charles Barkley
66%
Paul George
66%
Alonzo Mourning
64%
Jimmy Butler
63%
Trae Young
60%
Pascal Siakam
53%
Grant Hill
51%
Dominique Wilkins
50%
Pau Gasol
50%
Dikembe Mutombo
49%
Rajon Rondo
47%
Eddie Jones
37%
Gilbert Arenas
34%
Amar'e Stoudemire
31%
Sidney Moncrief
22%
Shawn Kemp
20%
B.J. Armstrong
19%
Maurice Cheeks
18%
Kenny Anderson
17%
Artis Gilmore
16%
George Gervin
14%
Derrick Coleman
13%
Tiny Archibald
10%
Reggie Theus
4%
John Drew
2%
Dan Roundfield
1%

Score Distribution

Percentile by Number Answered

Percent of People with Each Score

Your Score History

You have not taken this quiz